Význam presadzovania národných záujmov SR v oblasti SOP EÚ

Vyše 85 perc. vývozu Slovenskej republiky smeruje na vnútorný trh Európskej únie. Spoločná obchodná politika EÚ - bilaterálne a multilaterálne vzťahy. Zahraničnoobchodné vzťahy SR. Rozhodovací proces EÚ v oblasti SOP EÚ. Rokovania vo WTO.

Na minha lista:
Detalhes bibliográficos
Autor principal: Dobošová, Viera
Outros Autores: Silná, Zuzana
Formato: Capítulo de Livro
Idioma:eslovaco
Assuntos:
Tags: Adicionar Tag
Sem tags, seja o primeiro a adicionar uma tag!

MARC

LEADER 00000naa$a2200000$$$4500
001 0049539
005 20240502071555.7
041 0 |a slo 
044 |a SK 
245 1 0 |a Význam presadzovania národných záujmov SR v oblasti SOP EÚ  |c Viera Dobošová, Zuzana Silná 
520 |a Vyše 85 perc. vývozu Slovenskej republiky smeruje na vnútorný trh Európskej únie. Spoločná obchodná politika EÚ - bilaterálne a multilaterálne vzťahy. Zahraničnoobchodné vzťahy SR. Rozhodovací proces EÚ v oblasti SOP EÚ. Rokovania vo WTO. 
610 2 0 |a politika obchodná 
610 2 0 |a trh spoločný 
610 2 0 |a vzťahy obchodné 
610 2 0 |a partneri obchodní 
610 2 0 |a kompetencie 
610 2 0 |a rozhodovanie 
610 2 0 |a Európska únia 
610 2 0 |a Svetová obchodná organizácia 
610 2 0 |a Slovensko 
100 1 |a Dobošová, Viera 
700 1 |a Silná, Zuzana